000
00322nam a22001457a 4500
020
_q
PB.
040
_c
FIZZA ISHAQ
082
_a
551.8
_b
BEN
100
_a
VAN, A. BEN.
_9
90146
245
_a
EARTH STRUCTURE /
_c
BEN A. VAN.
250
_a
2nd ED.
260
_a
NEW YORK ;
_c
2004.
300
_a
656 P. ;
942
_2
ddc
_c
BK
999
_c
588504
_d
588504